Statistics for Guess the Taylor Swift Song (no hints) 23

Click here to take the quiz!

General Stats

  • This quiz has been taken 104 times
  • The average score is 269 of 347

Answer Stats

Answer% Correct
a
99%
I
99%
the
99%
The
99%
you
99%
You
99%
be
95%
your
95%
me)
93%
me
93%
In
92%
to
92%
and
91%
And
91%
my
91%
said,
91%
that
91%
It?
89%
it
89%
"No"
89%
no
89%
No,
89%
no,
89%
what
89%
"Why?"
89%
do
88%
is
88%
all
86%
for
86%
go
86%
go,
86%
her
85%
of
85%
We
85%
we
85%
at
84%
have
84%
It's
84%
know
83%
been
82%
there
82%
did
81%
say
80%
But
78%
one
76%
she
76%
should've
76%
can
75%
this
75%
this?
75%
gone
74%
just
74%
Was
74%
was
74%
back
73%
see
73%
still
73%
I've
72%
with
72%
could
70%
Get
69%
(get
69%
mind
69%
thought
69%
Baby,
68%
home
68%
oh
68%
think
68%
you'd
68%
ever
67%
can't
66%
things
66%
'fore
65%
let
64%
now
64%
known
63%
might
63%
twice
63%
shouldn't
61%
out
60%
about
59%
asking
58%
Before
58%
myself,
57%
take
57%
word
56%
beggin'
55%
feet
55%
forgiveness
55%
right
50%
"Yes"
50%
used
49%
Even
48%
everything
48%
tell
48%
worth
48%
looking
47%
same?
45%
moment
42%
believe
41%
chance,
41%
sing
41%
wrong
41%
'bout
40%
Feels
40%
weakness
40%
cryin'
39%
strange
39%
flowers,
38%
songs
38%
expect
36%
found
36%
honestly
36%
need
36%
Given
35%
past
35%
Yesterday
35%
resist
33%
smiles,
33%
whoa
30%
To say
28%

Score Distribution

Percentile by Number Answered

Percent of People with Each Score

Your Score History

You have not taken this quiz